000 00587nam a2200205 4500
003 OSt
005 20170228181042.0
008 170228b xxu||||| |||| 00| 0 eng d
020 _a9781416062011
040 _c040a
082 _aWY 18
_b538s 2010
100 _aSilvestri, Linda Anne
_911705
245 _aQ&A Review for the NCLEX-PN Examination /
_cLinda Anne Silvestri
250 _a4th.ed.
260 _aMissouri
_bSaunders Elsevier
_c2010
300 _axix, 652p;
_c30 cm.
504 _aIncludes bibliographical references and index
650 _aNCLEX
_911706
942 _2z
_cO_SHELF
999 _c5602
_d5602